[Event "SRB-chT Women 1st League 2019"]
[Site "Subotica"]
[Date "2019.08.29"]
[Round "8"]
[White "Prudnikova, Svetlana"]
[Black "Hejazipour, Mitra"]
[Result "1/2-1/2"]
[WhiteElo "2234"]
[BlackElo "2251"]
[Annotator "NA"]
[PlyCount "43"]
[EventDate "2019.08.23"]
[EventType "team-tourn"]
[EventCountry "SRB"]
[SourceTitle "playchess.com"]
[Source "ChessBase"]
[SourceQuality "1"]
[TimeControl "40/5400+30:1800+30"]

1. Nf3 {[%emt 1:30:30]} Nf6 {[%emt 1:30:30]} 2. c4 {[%emt 0:00:30]} e6 {[%emt 0:00:30]} 3. Nc3 {[%emt 0:00:30]} d5 {[%emt 0:00:30]} 4. d4 {[%emt 0:00:30]} Bb4 {[%emt 0:00:30]} 5. cxd5 {[%emt 0:00:30]} exd5 {[%emt 0:00:30]} 6. Qa4+ {[%emt 0:00:30]} Nc6 {[%emt 0:00:30]} 7. Ne5 {[%emt 0:00:30]} Bd7 {[%emt 0:00:30]} 8. Nxc6 {[%emt 0:00:30]} Bxc3+ {[%emt 0:00:30]} 9. bxc3 {[%emt 0:00:30]} Bxc6 {[%emt 0:00:30]} 10. Qa3 {[%emt 0:00:30]} Ne4 {[%emt 0:00:30]} 11. Bf4 {[%emt 0:00:30]} Qf6 {[%emt 0:00:30]} 12. g3 {[%emt 0:00:30]} Nd6 {[%emt 0:00:30]} 13. Bg2 {[%emt 0:00:30]} O-O {[%emt 0:00:30]} 14. Bxd6 {[%emt 0:00:30]} cxd6 {[%emt 0:00:30]} 15. O-O {[%emt 0:00:30]} Rfc8 {[%emt 0:00:30]} 16. Rfb1 {[%emt 0:00:30]} Rc7 {[%emt 0:00:30]} 17. Rb4 {[%emt 0:00:30]} b6 {[%emt 0:00:30]} 18. e3 {[%emt 0:00:30]} Rac8 {[%emt 0:00:30]} 19. Qb2 {[%emt 0:00:30]} Bb7 {[%emt 0:00:30]} 20. Rb3 {[%emt 0:00:30]} Qf5 {[%emt 0:00:30]} 21. a4 {[%emt 0:00:30]} Ba6 {[%emt 0:00:30]} 22. a5 {[%emt 0:00:30]} 1/2-1/2

[Event "SRB-chT Women 1st League 2019"]
[Site "Subotica"]
[Date "2019.08.29"]
[Round "8"]
[White "Djukic, Sandra"]
[Black "Drljevic, Ljilja"]
[Result "1/2-1/2"]
[WhiteElo "2179"]
[BlackElo "2162"]
[Annotator "NA"]
[PlyCount "35"]
[EventDate "2019.08.23"]
[EventType "team-tourn"]
[EventCountry "SRB"]
[SourceTitle "playchess.com"]
[Source "ChessBase"]
[SourceQuality "1"]
[TimeControl "40/5400+30:1800+30"]

1. d4 {[%emt 0:00:30]} d6 {[%emt 0:00:30]} 2. Nf3 {[%emt 0:00:30]} Nf6 {[%emt 0:00:30]} 3. c4 {[%emt 0:01:30]} g6 {[%emt 0:03:30]} 4. Nc3 {[%emt 0:01:30]} Bg7 {[%emt 0:00:00]} 5. e4 {[%emt 0:03:30]} O-O {[%emt 0:00:00]} 6. Be2 {[%emt 0:00:00]} e5 {[%emt 0:02:30]} 7. O-O {[%emt 0:03:00]} Nc6 {[%emt 0:00:30]} 8. Be3 {[%emt 0:00:30]} Ng4 {[%emt 0:22:30]} 9. Bg5 {[%emt 0:00:30]} f6 {[%emt 0:00:30]} 10. Bc1 {[%emt 0:08:30]} f5 {[%emt 0:00:30]} 11. dxe5 {[%emt 0:18:30]} Ngxe5 {[%emt 0:09:30]} 12. exf5 {[%emt 0:11:30]} Bxf5 {[%emt 0:08:30]} 13. Be3 {[%emt 0:03:30]} Ng4 {[%emt 0:01:30]} 14. Bd2 {[%emt 0:08:30]} Nge5 {[%emt 0:04:30]} 15. Be3 {[%emt 0:01:30]} Ng4 {[%emt 0:02:30]} 16. Bd2 {[%emt 0:01:30]} Nge5 {[%emt 0:05:30]} 17. Be3 {[%emt 0:02:30]} Ng4 {[%emt 0:00:00]} 18. Bd2 1/2-1/2

[Event "SRB-chT Women 1st League 2019"]
[Site "Subotica"]
[Date "2019.08.29"]
[Round "8"]
[White "Blagojevic, Tijana"]
[Black "Tomin, Ksenija"]
[Result "1-0"]
[WhiteElo "2155"]
[BlackElo "2041"]
[Annotator "NA"]
[PlyCount "95"]
[EventDate "2019.08.23"]
[EventType "team-tourn"]
[EventCountry "SRB"]
[SourceTitle "playchess.com"]
[Source "ChessBase"]
[SourceQuality "1"]
[TimeControl "40/5400+30:1800+30"]

1. e4 {[%emt 0:00:30]} c5 {[%emt 0:00:30]} 2. Nf3 {[%emt 0:00:00]} e6 {[%emt 0:00:00]} 3. d4 {[%emt 0:00:00]} cxd4 {[%emt 0:00:00]} 4. Nxd4 {[%emt 0:00:00]} a6 {[%emt 0:00:30]} 5. c4 {[%emt 0:00:00]} Nf6 {[%emt 0:00:30]} 6. Nc3 {[%emt 0:00:30]} d6 {[%emt 0:00:30]} 7. Be2 {[%emt 0:00:30]} Qc7 {[%emt 0:08:30]} 8. Be3 {[%emt 0:00:30]} b6 {[%emt 0:00:30]} 9. Rc1 {[%emt 0:00:30]} Nbd7 {[%emt 0:04:30]} 10. a3 {[%emt 0:02:30]} Bb7 {[%emt 0:01:30]} 11. f3 {[%emt 0:00:00]} Be7 {[%emt 0:00:30]} 12. O-O {[%emt 0:00:00]} Rc8 {[%emt 0:07:30]} 13. b4 {[%emt 0:00:30]} O-O {[%emt 0:01:30]} 14. Qd2 {[%emt 0:01:30]} Qb8 {[%emt 0:01:30]} 15. Kh1 {[%emt 0:03:30]} Bd8 {[%emt 0:05:30]} 16. Rc2 {[%emt 0:00:30]} Bc7 {[%emt 0:02:30]} 17. Bg1 {[%emt 0:00:00]} Rfd8 {[%emt 0:11:30]} 18. Rb1 {[%emt 0:00:00]} Qa8 {[%emt 0:09:30]} 19. Na4 {[%emt 0:03:30]} Ne5 {[%emt 0:03:30]} 20. Nb2 {[%emt 0:14:30]} h6 {[%emt 0:12:30]} 21. a4 {[%emt 0:01:30]} Kh7 {[%emt 0:09:49]} 22. Nd3 {[%emt 0:04:30]} g5 {[%emt 0:12:06]} 23. h3 {[%emt 0:06:30]} Ng6 {[%emt 0:02:18]} 24. a5 {[%emt 0:15:30]} bxa5 {[%emt 0:01:42]} 25. b5 {[%emt 0:00:30]} Bxe4 {[%emt 0:01:20]} 26. fxe4 {[%emt 0:04:30]} Nxe4 {[%emt 0:00:17]} 27. Qe3 {[%emt 0:05:30]} d5 {[%emt 0:00:45]} 28. Bh2 {[%emt 0:01:30]} Bb6 {[%emt 0:00:51]} 29. c5 {[%emt 0:02:30]} Nxc5 {[%emt 0:00:38]} 30. Nc6 {[%emt 0:01:30]} Nd7 {[%emt 0:00:51]} 31. Qc1 {[%emt 0:01:30]} Rg8 {[%emt 0:00:32]} 32. bxa6 {[%emt 0:00:30]} f5 {[%emt 0:00:42]} 33. Bg1 {[%emt 0:07:30]} Bxg1 {[%emt 0:01:07]} 34. Kxg1 {[%emt 0:00:30]} Nf6 {[%emt 0:00:02]} 35. a7 {[%emt 0:00:30]} Rxc6 {[%emt 0:00:48]} 36. Rxc6 {[%emt 0:00:30]} Qxa7+ {[%emt 0:00:05]} 37. Qc5 {[%emt 0:00:30]} Qxc5+ {[%emt 0:00:50]} 38. Nxc5 {[%emt 0:00:30]} Nf4 {[%emt 0:00:14]} 39. Bf1 {[%emt 0:01:30]} Re8 {[%emt 0:00:49]} 40. Rbb6 {[%emt 0:00:00]} Ne4 {[%emt 0:00:00]} 41. Nxe6 {[%emt 0:01:00]} Nxe6 {[%emt 0:08:44]} 42. Rxe6 {[%emt 0:00:30]} Rxe6 {[%emt 0:00:00]} 43. Rxe6 {[%emt 0:00:00]} a4 {[%emt 0:00:00]} 44. Bd3 {[%emt 0:01:00]} a3 {[%emt 0:03:30]} 45. Bxe4 {[%emt 0:01:30]} fxe4 {[%emt 0:00:30]} 46. Kf2 {[%emt 0:00:30]} h5 {[%emt 0:01:30]} 47. Ke3 {[%emt 0:00:00]} Kg7 {[%emt 0:00:30]} 48. Kd4 {[%emt 0:00:00]} 1-0

[Event "SRB-chT Women 1st League 2019"]
[Site "Subotica"]
[Date "2019.08.29"]
[Round "8"]
[White "Maksimovic, Suzana"]
[Black "Zarkovic, Mila"]
[Result "1-0"]
[WhiteElo "2150"]
[BlackElo "2141"]
[Annotator "NA"]
[PlyCount "87"]
[EventDate "2019.08.23"]
[EventType "team-tourn"]
[EventCountry "SRB"]
[SourceTitle "playchess.com"]
[Source "ChessBase"]
[SourceQuality "1"]
[TimeControl "40/5400+30:1800+30"]

1. Nf3 Nf6 2. c4 e6 3. Nc3 Bb4 4. Qc2 d5 5. a3 Bxc3 6. Qxc3 O-O 7. e3 Nbd7 8. b3 Re8 9. Bb2 e5 10. cxd5 Nxd5 11. Qc2 c6 12. h4 f6 13. h5 h6 14. Bc4 Kh8 15. Rh4 Qe7 16. O-O-O e4 17. Nd4 N7b6 18. f3 f5 19. g3 exf3 20. Nxf5 Bxf5 21. Qxf5 Nxc4 22. Rxc4 Rf8 23. Qg6 Nf6 24. Rf1 b5 25. Rf4 Qc5+ 26. Kb1 Qg5 27. Qxg5 hxg5 28. R4xf3 Kh7 29. Bxf6 gxf6 30. Rxf6 Rfd8 31. Kc2 c5 32. R1f5 c4 33. bxc4 bxc4 34. Rf7+ Kh8 35. Rxg5 Rd3 36. Rf4 Rad8 37. Rd4 R8xd4 38. exd4 Rxa3 39. g4 Rd3 40. Rd5 Rg3 41. g5 a6 42. Ra5 Kg7 43. Rxa6 Rxg5 44. Rg6+ 1-0

[Event "SRB-chT Women 1st League 2019"]
[Site "Subotica"]
[Date "2019.08.29"]
[Round "8"]
[White "Milutinovic, Stefana"]
[Black "Srdanovic, Jovana"]
[Result "1/2-1/2"]
[WhiteElo "2140"]
[BlackElo "2005"]
[Annotator "NA"]
[PlyCount "53"]
[EventDate "2019.08.23"]
[EventType "team-tourn"]
[EventCountry "SRB"]
[SourceTitle "playchess.com"]
[Source "ChessBase"]
[SourceQuality "1"]
[TimeControl "40/5400+30:1800+30"]

1. d4 {[%emt 0:00:30]} d5 {[%emt 0:00:30]} 2. c4 {[%emt 0:00:30]} c6 {[%emt 0:00:00]} 3. cxd5 {[%emt 0:00:00]} cxd5 {[%emt 0:00:00]} 4. Bf4 {[%emt 0:00:00]} Nf6 {[%emt 0:00:30]} 5. e3 {[%emt 0:00:30]} Nc6 {[%emt 0:02:30]} 6. Nc3 {[%emt 0:00:00]} e6 {[%emt 0:01:30]} 7. Bd3 {[%emt 0:01:00]} a6 {[%emt 0:01:30]} 8. Rc1 {[%emt 0:00:00]} Be7 {[%emt 0:00:30]} 9. Nf3 {[%emt 0:00:00]} Nh5 {[%emt 0:05:30]} 10. Be5 {[%emt 0:00:30]} Nxe5 {[%emt 0:00:30]} 11. dxe5 {[%emt 0:00:30]} g6 {[%emt 0:00:00]} 12. O-O {[%emt 0:03:30]} O-O {[%emt 0:04:00]} 13. Qb3 {[%emt 0:10:30]} b5 {[%emt 0:17:30]} 14. Nd4 {[%emt 0:31:30]} Bb7 {[%emt 0:03:30]} 15. a4 {[%emt 0:06:30]} b4 {[%emt 0:02:30]} 16. Nce2 {[%emt 0:02:30]} Qb6 {[%emt 0:01:30]} 17. Rc2 {[%emt 0:08:30]} Rac8 {[%emt 0:02:30]} 18. Rfc1 {[%emt 0:01:30]} Ng7 {[%emt 0:02:30]} 19. Nf4 {[%emt 0:02:30]} Bc5 {[%emt 0:01:30]} 20. Nfe2 {[%emt 0:07:30]} Be7 {[%emt 0:21:30]} 21. Rxc8 {[%emt 0:05:49]} Rxc8 {[%emt 0:00:30]} 22. Rxc8+ {[%emt 0:00:08]} Bxc8 {[%emt 0:00:00]} 23. Qc2 {[%emt 0:00:08]} Bd7 {[%emt 0:01:00]} 24. h3 {[%emt 0:03:32]} Kf8 {[%emt 0:02:30]} 25. Ng3 {[%emt 0:01:54]} f6 {[%emt 0:02:30]} 26. Nf3 {[%emt 0:01:55]} f5 {[%emt 0:09:45]} 27. Ne2 {[%emt 0:01:27]} 1/2-1/2

[Event "SRB-chT Women 1st League 2019"]
[Site "Subotica"]
[Date "2019.08.29"]
[Round "8"]
[White "Urosevic, Marija"]
[Black "Miladinovic, Lena"]
[Result "1-0"]
[WhiteElo "2064"]
[BlackElo "2119"]
[Annotator "NA"]
[PlyCount "57"]
[EventDate "2019.08.23"]
[EventType "team-tourn"]
[EventCountry "SRB"]
[SourceTitle "playchess.com"]
[Source "ChessBase"]
[SourceQuality "1"]
[TimeControl "40/5400+30:1800+30"]

1. d4 e6 2. c4 Bb4+ 3. Nc3 Nf6 4. e3 O-O 5. Bd3 c5 6. Nf3 b6 7. O-O Bxc3 8. bxc3 Bb7 9. Nd2 Nc6 10. f4 d5 11. Ba3 dxc4 12. Nxc4 Qd5 13. Qc2 Rfd8 14. e4 Qh5 15. dxc5 bxc5 16. e5 Nd5 17. Bxc5 Ba6 18. Rf3 Bxc4 19. Bxc4 Nxf4 20. Rxf4 Qxe5 21. Qf2 Qxc3 22. Rf1 Rd2 23. Qe3 Qc2 24. Qf3 Rc8 25. Rxf7 h6 26. Qg3 g5 27. Be3 Rd1 28. Bxe6 Re8 29. R7f2+ 1-0

[Event "SRB-chT Women 1st League 2019"]
[Site "Subotica"]
[Date "2019.08.29"]
[Round "8"]
[White "Nestorovic, Irena"]
[Black "Velikic, Adela"]
[Result "0-1"]
[WhiteElo "2050"]
[BlackElo "2252"]
[Annotator "NA"]
[PlyCount "100"]
[EventDate "2019.08.23"]
[EventType "team-tourn"]
[EventCountry "SRB"]
[SourceTitle "playchess.com"]
[Source "ChessBase"]
[SourceQuality "1"]
[TimeControl "40/5400+30:1800+30"]

1. d4 {[%emt 0:00:30]} d5 {[%emt 0:00:30]} 2. c4 {[%emt 0:00:00]} c6 {[%emt 0:00:00]} 3. Nf3 {[%emt 0:00:00]} Nf6 {[%emt 0:00:00]} 4. Nc3 {[%emt 0:00:30]} e6 {[%emt 0:00:30]} 5. cxd5 {[%emt 0:00:30]} exd5 {[%emt 0:01:30]} 6. Bg5 {[%emt 0:00:30]} Nbd7 {[%emt 0:01:30]} 7. e3 {[%emt 0:00:30]} Be7 {[%emt 0:17:30]} 8. Bd3 {[%emt 0:00:30]} Ne4 {[%emt 0:15:30]} 9. Bxe7 {[%emt 0:08:30]} Qxe7 {[%emt 0:00:30]} 10. Bxe4 {[%emt 0:00:30]} dxe4 {[%emt 0:00:30]} 11. Nd2 {[%emt 0:00:00]} Nf6 {[%emt 0:06:30]} 12. Qc2 {[%emt 0:03:00]} Bf5 {[%emt 0:01:30]} 13. h3 {[%emt 0:03:30]} O-O {[%emt 0:05:30]} 14. Nb3 {[%emt 0:09:30]} Rfe8 {[%emt 0:05:30]} 15. O-O {[%emt 0:04:30]} Qd7 {[%emt 0:07:30]} 16. Qe2 {[%emt 0:14:30]} b6 {[%emt 0:02:30]} 17. Rad1 {[%emt 0:02:30]} Rad8 {[%emt 0:05:30]} 18. Nd2 {[%emt 0:01:30]} Bg6 {[%emt 0:04:30]} 19. Nc4 {[%emt 0:01:30]} Bh5 {[%emt 0:03:11]} 20. g4 {[%emt 0:05:30]} Nxg4 {[%emt 0:02:55]} 21. hxg4 {[%emt 0:00:30]} Bxg4 {[%emt 0:00:04]} 22. f3 {[%emt 0:05:30]} Bxf3 {[%emt 0:00:34]} 23. Rxf3 {[%emt 0:00:00]} exf3 {[%emt 0:00:27]} 24. Qxf3 {[%emt 0:00:00]} Re6 {[%emt 0:02:03]} 25. Ne5 {[%emt 0:00:30]} Qe7 {[%emt 0:01:03]} 26. Qf5 {[%emt 0:18:30]} Rf6 {[%emt 0:07:18]} 27. Qg4 {[%emt 0:01:31]} Rh6 {[%emt 0:01:09]} 28. Kf2 {[%emt 0:02:41]} Re8 {[%emt 0:04:03]} 29. Rg1 {[%emt 0:01:41]} f6 {[%emt 0:00:33]} 30. Qf4 {[%emt 0:01:06]} Rh5 {[%emt 0:03:07]} 31. Nxc6 {[%emt 0:01:18]} Qe6 {[%emt 0:01:16]} 32. d5 {[%emt 0:02:06]} Qh3 {[%emt 0:00:34]} 33. e4 {[%emt 0:05:59]} Qd3 {[%emt 0:00:37]} 34. Qf3 {[%emt 0:04:15]} Rh2+ {[%emt 0:00:29]} 35. Rg2 {[%emt 0:00:47]} Qc2+ {[%emt 0:00:26]} 36. Kg3 {[%emt 0:00:00]} Qc1 {[%emt 0:00:17]} 37. Qf2 {[%emt 0:01:36]} h5 {[%emt 0:00:42]} 38. Nd4 {[%emt 0:00:35]} Rxg2+ {[%emt 0:00:00]} 39. Kxg2 {[%emt 0:00:00]} Qg5+ {[%emt 0:00:00]} 40. Kh2 {[%emt 0:00:00]} Qe5+ {[%emt 0:00:00]} 41. Kg2 {[%emt 0:02:55]} Qg5+ {[%emt 0:03:42]} 42. Qg3 {[%emt 0:04:30]} Qd2+ {[%emt 0:00:30]} 43. Qf2 {[%emt 0:00:30]} Qg5+ {[%emt 0:00:30]} 44. Kf3 {[%emt 0:08:06]} Qg4+ {[%emt 0:10:14]} 45. Ke3 {[%emt 0:00:08]} h4 {[%emt 0:03:24]} 46. Nf5 {[%emt 0:06:02]} h3 {[%emt 0:00:06]} 47. Ng3 {[%emt 0:00:11]} Re5 {[%emt 0:05:05]} 48. Qf3 {[%emt 0:04:52]} Qc8 {[%emt 0:00:35]} 49. Nf5 {[%emt 0:00:39]} Qxf5 {[%emt 0:02:13]} 50. Qg3 {[%emt 0:03:13]} Qg5+ 0-1

[Event "SRB-chT Women 1st League 2019"]
[Site "Subotica"]
[Date "2019.08.30"]
[Round "9"]
[White "Atalik, Ekaterina"]
[Black "Rapport, Jovana"]
[Result "1-0"]
[WhiteElo "2456"]
[BlackElo "2370"]
[Annotator "TA"]
[PlyCount "66"]
[EventDate "2019.08.23"]
[EventType "team-tourn"]
[EventCountry "SRB"]
[SourceTitle "playchess.com"]
[Source "ChessBase"]
[SourceQuality "1"]

{[%evp 14,66,0,-4,28,29,26,26,39,8,73,66,69,72,117,117,100,100,89,87,118,117,174,182,177,61,69,24,21,33,10,18,28,31,93,25,277,278,342,344,318,314,303,108,477,343,341,341,342,347,354,343,344,272,246]} 1. Nf3 Nf6 2. c4 b6 3. Nc3 Bb7 4. e3 e6 5. b3 Be7 6. Bb2 O-O 7. Be2 c5 8. O-O Ne4 {A30: Symmetrical English: Double Fianchetto and Hedgehog} (8... a6 9. d4 cxd4 10. exd4 d5 11. Rc1 Nbd7 12. Ne5 dxc4 13. Nxd7 Qxd7 14. bxc4 Rfd8 15. Qb3 Rab8 16. Rfd1 {0-1 (31) Fedoseev,V (2718)-Leko,P (2691) Riadh 2017}) 9. Nxe4 Bxe4 10. d4 Bf6 {White has an edge.} 11. Qd2 $146 ({Predecessor:} 11. Ne5 Bxe5 12. dxe5 Qg5 13. Bf3 Bxf3 14. Qxf3 Nc6 15. Qe4 Rad8 16. Rad1 {0-1 (45) Andrade Sandoval,B (1920)-Gutierrez Diaz,P (1810) Collado Villalba 2018}) 11... Qe7 (11... d6 $11) 12. Ne5 $16 d6 13. Ng4 $1 Bh4 14. f3 Bb7 15. g3 f5 16. Nh6+ Kh8 {aiming for ...Bg5.} 17. gxh4 cxd4 (17... Qxh4 $16 {was necessary.} 18. dxc5 (18. e4 cxd4 19. Bxd4 Nd7 $16) 18... Qxh6) 18. exd4 $18 Qxh4 19. Ba3 ({Resist} 19. d5 e5) (19. Bd3 $18) 19... Rf6 $1 $14 20. Bxd6 {And now Qf4 would win.} (20. Ng4 $5 fxg4 21. fxg4 $14) 20... Rxh6 21. Bg3 Rg6 {Hoping for ...f4.} 22. Kf2 $36 {[%mdl 2048] White has some pressure.} Qf6 23. Rad1 Nc6 (23... Nd7 $14) 24. Qf4 (24. d5 $1 $16 {[%cal Rd5c6]} Nb4 25. Qxb4) 24... Rd8 $2 {[%mdl 8192] [#]} (24... Re8 $11 {and Black stays safe.}) 25. Bh4 $1 $18 {[%cal Rh4f6]} Rxd4 26. Bxf6 Rxf4 {[#]} 27. Be5 $1 {[%cal Re5f4][%mdl 512]} Rh4 {[#]} (27... Nxe5 28. Rd8#) 28. Rd7 $2 (28. Bg3 $1 $18 {[%cal Rg3h4] is the precise move to win.} Rhh6 29. Rd7) 28... Ba6 $2 {[%mdl 8192]} (28... Kg8 $16 29. Bg3 Rd4 30. Rxb7 f4) 29. Bg3 Rd4 30. Rxd4 Nxd4 31. Rd1 e5 32. Bxe5 Nc6 33. Bc3 Bc8 {Accuracy: White = 58%, Black = 39%.} 1-0

[Event "SRB-chT Women 1st League 2019"]
[Site "Subotica"]
[Date "2019.08.30"]
[Round "9"]
[White "Gaponenko, Inna"]
[Black "Manakova, Maria"]
[Result "1/2-1/2"]
[WhiteElo "2446"]
[BlackElo "2237"]
[Annotator "TA"]
[PlyCount "62"]
[EventDate "2019.08.23"]
[EventType "team-tourn"]
[EventCountry "SRB"]
[SourceTitle "playchess.com"]
[Source "ChessBase"]
[SourceQuality "1"]

{[%evp 31,62,40,64,24,45,38,49,38,74,68,118,83,81,-15,140,138,135,137,126,150,142,132,127,41,47,13,18,23,27,16,16,20,47]} 1. e4 c5 2. Nf3 Nc6 3. d4 cxd4 4. Nxd4 Nf6 5. Nc3 e5 6. Ndb5 d6 7. Bg5 a6 8. Na3 b5 9. Bxf6 gxf6 10. Nd5 f5 11. c3 Bg7 12. exf5 Bxf5 13. Nc2 O-O 14. Nce3 Be6 15. Bd3 f5 16. O-O Ra7 17. Qh5 {B33: Sicilian: Pelikan and Sveshnikov Variations} (17. a4 Ne7 18. Bc2 Nxd5 19. Nxd5 bxa4 20. Rxa4 Kh8 21. Qd2 e4 22. Rfa1 a5 23. Nf4 Bf7 24. Ne2 Be8 25. R4a3 {½-½ (110) Wang,H (2690)-Yu,Y (2750) China 2017}) 17... e4 18. Bc2 Ne7 {[%cal Bc6e7,Be7g6,Bg6h4][%mdl 32]} 19. Rad1 {White is slightly better.} Ng6 20. f4 Nh4 $146 ({Predecessor:} 20... a5 21. Kh1 Kh8 22. a3 Raf7 23. Rd2 Ne7 24. Nxe7 Qxe7 25. Qd1 b4 26. axb4 axb4 27. cxb4 d5 {½-½ (28) Vorobiov,E (2534)-Kim,A (2435) Vladimir 2004}) 21. Bb3 a5 22. Qg5 ({White should try} 22. a3 $16) 22... Kh8 $2 {[#]} ({Black should play} 22... Qxg5 $1 $11 23. fxg5 a4) 23. Qxd8 $1 $16 Rxd8 24. Nb6 Bxb3 25. axb3 b4 26. cxb4 axb4 27. Nbc4 (27. Rf2 $16) 27... d5 $1 $14 28. Nxd5 Rad7 29. Nde3 Rxd1 30. Rxd1 Rxd1+ 31. Nxd1 Bd4+ {Accuracy: White = 33%, Black = 49%.} 1/2-1/2

[Event "SRB-chT Women 1st League 2019"]
[Site "Subotica"]
[Date "2019.08.30"]
[Round "9"]
[White "Batsiashvili, Nino"]
[Black "Bojkovic, Natasa"]
[Result "1/2-1/2"]
[WhiteElo "2416"]
[BlackElo "2374"]
[Annotator "TA"]
[PlyCount "81"]
[EventDate "2019.08.23"]
[EventType "team-tourn"]
[EventCountry "SRB"]
[SourceTitle "playchess.com"]
[Source "ChessBase"]
[SourceQuality "1"]

{[%evp 20,81,19,10,14,12,16,22,4,12,26,31,29,27,22,20,28,0,-6,-14,-6,-6,0,0,0,-14,-6,-6,-5,-5,0,0,0,0,0,0,-1,-16,2,8,4,0,0,0,0,-8,0,-14,0,0,9,6,9,0,0,0,0,-12,-8,-6,-6,-10,-8,-10]} 1. c4 Nf6 ({Predecessor:} 1... e6 2. Nc3 {½-½ (62) Elsness,F (2450)-Gorodetzky,D (2452) Porto Carras 2018}) 2. Nc3 e6 3. e4 c5 4. e5 Ng8 5. Nf3 Nc6 6. d4 cxd4 7. Nxd4 Nxe5 8. Ndb5 a6 9. Nd6+ Bxd6 10. Qxd6 f6 11. Be3 Ne7 {A19: English Opening: Flohr-Mikenas System with 3...c5} 12. Bb6 Nf5 13. Qb4 Nc6 $132 {[%mdl 2048] Black is not holding back} 14. Qc5 d6 15. Bxd8 dxc5 16. Bb6 Ne5 $146 (16... e5 17. O-O-O Ncd4 18. Bxc5 Bd7 19. Bd3 {½-½ (30) Giri,A (2767)-Dubov,D (2648) Novi Sad 2016}) 17. Bxc5 Bd7 18. Ne4 Bc6 {The position is equal.} 19. Nd6+ Nxd6 20. Bxd6 O-O-O 21. O-O-O Nf7 22. Bg3 Rxd1+ 23. Kxd1 Ng5 24. Kc2 Rd8 25. f3 e5 26. Bd3 e4 27. fxe4 Nxe4 28. Be1 f5 29. Rf1 g6 {next ...Nc5 is good for Black.} 30. Bb4 b6 31. g3 a5 32. Ba3 h5 33. b3 Kb7 34. Bc1 Rd7 (34... Nc5 $5 35. Be2 $8 Re8 $11) 35. Be2 Nc5 36. Bf3 Re7 {And now ...Bxf3 would win.} 37. Bxc6+ Kxc6 38. Rf2 Re1 {[#] ...Rxc1+! is the strong threat.} 39. Bd2 Ra1 40. Kb2 Rd1 41. Re2 {Accuracy: White = 66%, Black = 60%.} 1/2-1/2

[Event "SRB-chT Women 1st League 2019"]
[Site "Subotica"]
[Date "2019.08.30"]
[Round "9"]
[White "Stojanovic, Andjelija"]
[Black "Milutinovic, Stefana"]
[Result "1-0"]
[WhiteElo "2350"]
[BlackElo "2140"]
[Annotator "TA"]
[PlyCount "43"]
[EventDate "2019.08.23"]
[EventType "team-tourn"]
[EventCountry "SRB"]
[SourceTitle "playchess.com"]
[Source "ChessBase"]
[SourceQuality "1"]

{[%evp 15,43,21,26,22,27,33,41,36,60,61,58,45,61,66,58,26,30,30,47,50,64,53,68,74,109,79,368,119,269,105]} 1. Nf3 c5 2. g3 g6 3. Bg2 Bg7 4. c4 Nc6 5. Nc3 d6 6. O-O Nf6 7. d4 cxd4 8. Nxd4 Bd7 9. Nxc6 {A31: Symmetrical English: 2 Nf3 Nf6 3 d4} (9. Nc2 Rc8 10. b3 Qa5 11. Nb5 a6 12. Bd2 Qd8 13. Nc3 O-O 14. Rc1 Rb8 15. a4 Qb6 16. Ne3 e6 17. h3 {1-0 (47) Grachev,B (2626)-Zvjaginsev,V (2642) St Petersburg 2018}) 9... Bxc6 10. e4 O-O 11. Be3 {White is slightly better.} a5 12. Rc1 Nd7 13. Qe2 {[#]} Rc8 $146 ({Predecessor:} 13... Nc5 14. Bxc5 dxc5 15. e5 Bxg2 16. Kxg2 Qc7 {1-0 (32) Krivoshey,S (2498)-Teske,H (2527) Aschach 2002}) 14. Rfd1 Re8 15. c5 dxc5 16. Bxc5 {[%mdl 64] [#] Pin} Qc7 17. Be3 {Black must now prevent Nb5.} Qb8 18. Nb5 $36 {[%mdl 2048] White has some pressure.} Rcd8 19. Na7 Qc7 20. b3 a4 $2 {[%mdl 8192] [#]} (20... Nb8 $16 {is a better defense.}) 21. bxa4 $2 (21. b4 $18 {and the rest is easy.}) 21... Ra8 (21... Nb8 $16 22. Qe1 Rxd1 23. Qxd1 Rd8) 22. Qc2 $2 {Accuracy: White = 48%, Black = 21%.} (22. Nxc6 $18 bxc6 23. e5) 1-0

[Event "SRB-chT Women 1st League 2019"]
[Site "Subotica"]
[Date "2019.08.30"]
[Round "9"]
[White "Eric, Jovana"]
[Black "Djukic, Sandra"]
[Result "0-1"]
[WhiteElo "2270"]
[BlackElo "2179"]
[Annotator "ChessBase"]
[PlyCount "62"]
[EventDate "2019.08.23"]
[EventType "team-tourn"]
[EventCountry "SRB"]
[SourceTitle "playchess.com"]
[Source "ChessBase"]
[SourceQuality "1"]
[TimeControl "40/5400+30:1800+30"]

1. e4 {[%emt 0:00:30]} c6 {[%emt 0:00:30]} 2. d4 {[%emt 0:00:00]} d5 {[%emt 0:00:00]} 3. e5 {[%emt 0:00:00]} Bf5 {[%emt 0:00:00]} 4. Be3 {[%emt 0:00:30]} e6 {[%emt 0:00:30]} 5. Nd2 {[%emt 0:00:30]} Nd7 {[%emt 0:04:30]} 6. c3 {[%emt 0:01:30]} Ne7 {[%emt 0:05:30]} 7. f4 {[%emt 0:02:30]} Qb6 {[%emt 0:07:30]} 8. b4 {[%emt 0:03:30]} g5 {[%emt 0:15:30]} 9. fxg5 {[%emt 0:16:30]} Nxe5 {[%emt 0:01:30]} 10. Ngf3 {[%emt 0:00:30]} Nxf3+ {[%emt 0:24:30]} 11. Nxf3 {[%emt 0:00:30]} Bg7 {[%emt 0:10:30]} 12. Be2 {[%emt 0:03:30]} h6 {[%emt 0:11:12]} 13. gxh6 {[%emt 0:07:30]} Bxh6 {[%emt 0:00:04]} 14. Bxh6 {[%emt 0:00:30]} Rxh6 {[%emt 0:00:30]} 15. Qd2 {[%emt 0:01:30]} Rh8 {[%emt 0:02:04]} 16. a4 {[%emt 0:02:30]} Qc7 {[%emt 0:01:22]} 17. a5 {[%emt 0:02:30]} a6 {[%emt 0:04:25]} 18. Kd1 {[%emt 0:11:30]} f6 {[%emt 0:04:39]} 19. Kc1 {[%emt 0:02:30]} Be4 {[%emt 0:01:09]} 20. g4 {[%emt 0:05:30]} Rh3 {[%emt 0:01:52]} 21. Rf1 {[%emt 0:02:30]} O-O-O {[%emt 0:04:31]} 22. Kb2 {[%emt 0:01:30]} Bxf3 {[%emt 0:00:29]} 23. Rxf3 {[%emt 0:00:30]} Rxf3 {[%emt 0:00:26]} 24. Bxf3 {[%emt 0:00:00]} Rh8 {[%emt 0:00:38]} 25. Rh1 {[%emt 0:01:00]} Ng6 {[%emt 0:01:11]} 26. h3 {[%emt 0:06:30]} Qg3 {[%emt 0:01:16]} 27. Qg2 {[%emt 0:06:30]} Qxg2+ {[%emt 0:00:04]} 28. Bxg2 {[%emt 0:00:30]} Kd7 {[%emt 0:00:57]} 29. c4 {[%emt 0:04:30]} Nh4 {[%emt 0:00:37]} 30. Bf1 {[%emt 0:00:30]} Nf3 {[%emt 0:00:24]} 31. Kc3 {[%emt 0:00:30]} Kd6 {[%emt 0:00:58]} 0-1